[Event "4. Wittelsbacher Weihnachts-Schach-Open"]
[Site "Kelheim"]
[Date "2015.12.26"]
[Round "4.41"]
[White "Weidenhöfer, Robert"]
[Black "Lutter, Maximilian"]
[Result "1/2-1/2"]
[WhiteElo "1691"]
[BlackElo "1887"]
[PlyCount "49"]
[EventDate "2015.??.??"]
[WhiteTeam "SW Nürnberg Süd"]
[BlackTeam "SK Neumarkt"]

1. b3 e5 2. Bb2 Nc6 3. e3 Nf6 4. Bb5 Bd6 5. Nf3 e4 6. Bxc6 dxc6 7. Ne5 O-O 8.
f3 Re8 9. Nc4 exf3 10. Qxf3 Bg4 11. Bxf6 Qxf6 12. Qxf6 gxf6 13. Nxd6 cxd6 14.
O-O Re6 15. Rf4 Bh5 16. c4 Bg6 17. Nc3 Kg7 18. Raf1 Rae8 19. R1f2 f5 20. Ne2
Re4 21. Ng3 Rxf4 22. Rxf4 Re5 23. Kf2 a5 24. d4 Re6 25. Nxf5+ 1/2-1/2

[Event "4. Wittelsbacher Weihnachts-Schach-Open"]
[Site "Kelheim"]
[Date "2015.12.26"]
[Round "4.42"]
[White "Schwenck, Mathias"]
[Black "Gottschall, Ina"]
[Result "1-0"]
[WhiteElo "1920"]
[BlackElo "1751"]
[PlyCount "55"]
[EventDate "2015.??.??"]
[WhiteTeam "SC Moosburg"]
[BlackTeam "USV TU Dresden"]

1. d4 g6 2. c4 Bg7 3. Nc3 Nf6 4. e4 d6 5. Be2 O-O 6. Bg5 c6 7. Qd2 Qa5 8. Bd3
Nbd7 9. Nge2 c5 10. d5 Ne5 11. O-O Bd7 12. Rac1 Nxd3 13. Qxd3 a6 14. Bd2 Qc7
15. h3 b5 16. b3 b4 17. Nd1 a5 18. f4 h5 19. f5 Qc8 20. fxg6 fxg6 21. Nf4 Qe8
22. Ne3 g5 23. Ne6 Bxe6 24. dxe6 Qg6 25. Nf5 Rae8 26. e5 dxe5 27. Nxe7+ Rxe7
28. Qxg6 1-0

[Event "4. Wittelsbacher Weihnachts-Schach-Open"]
[Site "Kelheim"]
[Date "2015.12.26"]
[Round "4.43"]
[White "Simon, Günther"]
[Black "Tautz, Helmut"]
[Result "1-0"]
[WhiteElo "1901"]
[BlackElo "1522"]
[PlyCount "67"]
[EventDate "2015.??.??"]
[WhiteTeam "Regensburger Turnerschaft"]
[BlackTeam "SK Kelheim"]

1. e4 Nc6 2. Nc3 e5 3. Nf3 Bc5 4. Bc4 Nf6 5. O-O O-O 6. d3 h6 7. Nd5 d6 8. c3
Nxd5 9. Bxd5 Ne7 10. d4 Nxd5 11. dxc5 Nf6 12. cxd6 cxd6 13. Re1 Bg4 14. h3 Bh5
15. c4 Bg6 16. Nd2 Qb6 17. Qb3 Qc6 18. f3 b6 19. Qe3 Nh5 20. b3 f5 21. Ba3 Rf6
22. Rad1 Rd8 23. exf5 Rxf5 24. Ne4 Nf4 25. Rxd6 Rxd6 26. Bxd6 Qc8 27. Nf2 Rg5
28. g4 Qb7 29. h4 Rxg4+ 30. Nxg4 Nd3 31. Rd1 e4 32. fxe4 Qd7 33. Qg3 Bxe4 34.
Nf6+ 1-0

[Event "4. Wittelsbacher Weihnachts-Schach-Open"]
[Site "Kelheim"]
[Date "2015.12.26"]
[Round "4.44"]
[White "Brack, André"]
[Black "Bodenschatz, Josef"]
[Result "0-1"]
[WhiteElo "1832"]
[BlackElo "2005"]
[PlyCount "103"]
[EventDate "2015.??.??"]
[WhiteTeam "Regensburger Turnerschaft"]
[BlackTeam "TSV Kirchenlaibach"]

1. d4 c6 2. Nf3 f5 3. c4 Nf6 4. Nc3 e6 5. Bg5 Be7 6. e3 d6 7. Bd3 O-O 8. Qc2
Nbd7 9. e4 Nh5 10. Bd2 g6 11. e5 dxe5 12. dxe5 Nc5 13. Be2 a5 14. Bh6 Ng7 15.
Rd1 Qc7 16. O-O b6 17. Bf4 Bb7 18. Rfe1 Rfd8 19. Bd3 Nxd3 20. Rxd3 Rxd3 21.
Qxd3 Rd8 22. Qc2 Ba6 23. Ne2 Bb4 24. Rc1 Bc5 25. a3 Rd7 26. Qc3 Qd8 27. Bg5
Rd1+ 28. Ne1 Rxe1+ 29. Rxe1 Qxg5 30. b4 axb4 31. axb4 Bf8 32. f4 Qe7 33. Rb1 c5
34. b5 Bb7 35. Rd1 Be4 36. Kf2 Qb7 37. g3 Be7 38. Qd2 Kf7 39. Qe3 h6 40. Rg1
Qd7 41. Nc3 Qd4 42. Rd1 Qxc4 43. Nxe4 fxe4 44. Qe2 Qb4 45. Rc1 Qd4+ 46. Kg2 Nf5
47. Re1 e3 48. g4 Qe4+ 49. Kg1 Nh4 50. Rd1 Nf3+ 51. Kf1 Nd2+ 52. Rxd2 0-1

[Event "4. Wittelsbacher Weihnachts-Schach-Open"]
[Site "Kelheim"]
[Date "2015.12.26"]
[Round "4.45"]
[White "Hartmann, Willibald"]
[Black "Santl, Anton"]
[Result "1/2-1/2"]
[WhiteElo "1546"]
[BlackElo "1969"]
[PlyCount "47"]
[EventDate "2015.??.??"]
[WhiteTeam "TSV Mindelheim"]
[BlackTeam "SU München"]

1. d4 d5 2. c4 c6 3. Nc3 Nf6 4. cxd5 cxd5 5. Bf4 Nc6 6. e3 e6 7. Nf3 Bb4 8. Bd3
O-O 9. O-O Be7 10. Rc1 Bd7 11. h3 Rc8 12. Re1 Na5 13. Qe2 Bc6 14. e4 dxe4 15.
Nxe4 Bxe4 16. Bxe4 Rxc1 17. Rxc1 Nxe4 18. Qxe4 Nc6 19. a3 a5 20. Be3 Qd7 21.
Ne5 Nxe5 22. dxe5 Rc8 23. Rxc8+ Qxc8 24. Qa4 1/2-1/2

[Event "4. Wittelsbacher Weihnachts-Schach-Open"]
[Site "Kelheim"]
[Date "2015.12.26"]
[Round "4.46"]
[White "Lutzky, Manfred"]
[Black "Lautner, Peter"]
[Result "1-0"]
[WhiteElo "1890"]
[BlackElo "1512"]
[PlyCount "61"]
[EventDate "2015.??.??"]
[WhiteTeam "SC Noris-Tarrasch Nürnberg"]
[BlackTeam "SC Kreut"]

1. e4 g6 2. d4 d5 3. exd5 Qxd5 4. Nf3 Nf6 5. Be2 Bg7 6. O-O Nc6 7. c4 Qd8 8. d5
Nb4 9. Qa4+ Nc6 10. Rd1 Bd7 11. dxc6 bxc6 12. Ne5 O-O 13. Nc3 Qe8 14. Bf3 Rb8
15. Nxd7 Nxd7 16. Bxc6 Nb6 17. Bxe8 Nxa4 18. Bxa4 Rb4 19. Bb3 Be5 20. Be3 Rb7
21. Bd4 Bd6 22. c5 Bf4 23. Nd5 Bg5 24. f4 e6 25. fxg5 exd5 26. Bxd5 Rb4 27. Bc3
Rg4 28. Bf6 Rb4 29. b3 Rb5 30. Bc4 Rfb8 31. Rd7 1-0

[Event "4. Wittelsbacher Weihnachts-Schach-Open"]
[Site "Kelheim"]
[Date "2015.12.26"]
[Round "4.47"]
[White "Moseler, Thomas"]
[Black "Frei, Robert"]
[Result "0-1"]
[WhiteElo "1628"]
[BlackElo "1892"]
[PlyCount "62"]
[EventDate "2015.??.??"]
[WhiteTeam "SK Lister Turm"]
[BlackTeam "TSV Mindelheim"]

1. e4 c5 2. Nf3 a6 3. c3 d5 4. exd5 Qxd5 5. d4 Bg4 6. Be2 e6 7. dxc5 Qxd1+ 8.
Bxd1 Bxc5 9. O-O Nc6 10. Nh4 Nf6 11. Bxg4 Nxg4 12. h3 Nge5 13. Nd2 Rd8 14. Nhf3
Nd3 15. b3 b5 16. Ne4 Ba7 17. Ba3 b4 18. cxb4 Ncxb4 19. Bxb4 Nxb4 20. a3 Nd3
21. Rad1 Ke7 22. Rd2 f5 23. Nc3 e5 24. Kh2 e4 25. Ne1 Nxe1 26. Rxd8 Rxd8 27.
Rxe1 Bxf2 28. Rd1 Rxd1 29. Nxd1 Bd4 30. g3 e3 31. Kg2 e2 0-1

[Event "4. Wittelsbacher Weihnachts-Schach-Open"]
[Site "Kelheim"]
[Date "2015.12.26"]
[Round "4.48"]
[White "Antczak, Lena"]
[Black "Hildenbrand, Andreas"]
[Result "0-1"]
[WhiteElo "1654"]
[BlackElo "1828"]
[PlyCount "78"]
[EventDate "2015.??.??"]
[WhiteTeam "SK Kelheim"]
[BlackTeam "SK Garmisch-Partenkirch."]

1. e4 d6 2. Nc3 g6 3. f4 Bg7 4. Nf3 a6 5. g3 b5 6. Bg2 Bb7 7. d3 Nd7 8. Rb1 c5
9. O-O b4 10. Ne2 a5 11. f5 Ngf6 12. Nf4 Qc7 13. h3 c4 14. Qe2 Ne5 15. d4 Ned7
16. Re1 O-O-O 17. Nd2 g5 18. Nd5 Nxd5 19. exd5 Bxd4+ 20. Kh2 Ne5 21. Nf3 Nxf3+
22. Bxf3 Be5 23. Bxg5 f6 24. Bf4 Rhg8 25. Bxe5 dxe5 26. Qg2 Rd6 27. a3 Rgd8 28.
axb4 axb4 29. Red1 Qc5 30. Ra1 Kb8 31. b3 Bxd5 32. Bxd5 Rxd5 33. Rxd5 Qxd5 34.
bxc4 Qxg2+ 35. Kxg2 Rd2+ 36. Kf3 Rxc2 37. c5 Rxc5 38. Ra6 Kb7 39. Re6 Rc7 0-1

[Event "4. Wittelsbacher Weihnachts-Schach-Open"]
[Site "Kelheim"]
[Date "2015.12.26"]
[Round "4.49"]
[White "Fritsch, Julian"]
[Black "Loebel, Petra"]
[Result "0-1"]
[WhiteElo "1377"]
[BlackElo "1852"]
[PlyCount "50"]
[EventDate "2015.??.??"]
[WhiteTeam "SK Kelheim"]
[BlackTeam "SC Noris-Tarrasch Nürnberg"]

1. f4 d5 2. e3 Nf6 3. d3 e6 4. Nf3 b6 5. Be2 Bb7 6. O-O Bd6 7. Nc3 a6 8. Qe1
Nbd7 9. Nh4 Qe7 10. Bf3 h6 11. f5 e5 12. e4 d4 13. Nb1 c5 14. Na3 b5 15. c4
dxc3 16. bxc3 c4 17. Nc2 cxd3 18. Ne3 Nc5 19. Nd5 Bxd5 20. exd5 e4 21. Bd1 Qe5
22. Bf4 Qxd5 23. Bb3 Nxb3 24. axb3 Bxf4 25. Rxf4 O-O 0-1

[Event "4. Wittelsbacher Weihnachts-Schach-Open"]
[Site "Kelheim"]
[Date "2015.12.26"]
[Round "4.50"]
[White "Urban, Rudolf"]
[Black "Krause, Karl-Heinz"]
[Result "1-0"]
[WhiteElo "1871"]
[BlackElo "1428"]
[PlyCount "62"]
[EventDate "2015.??.??"]
[WhiteTeam "SC Roter Turm Altstadt"]
[BlackTeam "SK Landau-Dingolfing"]

1. d4 e6 2. Nf3 Nf6 3. Bf4 d6 4. Nbd2 Be7 5. e3 h6 6. Bd3 Nc6 7. c3 Bd7 8. h3
Nh7 9. e4 Bg5 10. Nxg5 Nxg5 11. Nf3 Qe7 12. Qe2 Nxf3+ 13. Qxf3 e5 14. Be3 a6
15. d5 Na7 16. c4 c5 17. Bd2 O-O 18. O-O f6 19. Qg3 Kh7 20. f4 Qf7 21. fxe5
dxe5 22. Rf2 Qg6 23. Qxg6+ Kxg6 24. Be3 Rfc8 25. a4 Rc7 26. b4 Rac8 27. bxc5
Rxc5 28. Rb2 Rb5 29. cxb5 Nxb5 30. Rc1 Rg8 31. Rbc2 f5 {Unleserlich, Weiß
gewinnt nach 48 Zügen} 1-0

[Event "4. Wittelsbacher Weihnachts-Schach-Open"]
[Site "Kelheim"]
[Date "2015.12.26"]
[Round "4.51"]
[White "Michel, Philipp"]
[Black "Hagen, Wolfgang"]
[Result "1/2-1/2"]
[WhiteElo "1712"]
[BlackElo "1740"]
[PlyCount "45"]
[EventDate "2015.??.??"]
[WhiteTeam "SC Forchheim"]
[BlackTeam "TSV Mindelheim"]

1. c4 Nf6 2. Nc3 c5 3. Nf3 e6 4. e3 Be7 5. d4 cxd4 6. exd4 d5 7. c5 O-O 8. Be2
b6 9. cxb6 axb6 10. Bf4 Nbd7 11. O-O Ba6 12. a3 Bxe2 13. Qxe2 Nh5 14. Bd2 Nhf6
15. Rac1 Qb8 16. Nb5 Rc8 17. Rxc8+ Qxc8 18. Bf4 Qb7 19. Rc1 Rc8 20. Rxc8+ Qxc8
21. Nc7 Bd8 22. Qa6 Qxa6 23. Nxa6 1/2-1/2

[Event "4. Wittelsbacher Weihnachts-Schach-Open"]
[Site "Kelheim"]
[Date "2015.12.26"]
[Round "4.52"]
[White "Klimpel, Siegfried"]
[Black "Kutschera, Reinhardt"]
[Result "1-0"]
[WhiteElo "1842"]
[BlackElo "1535"]
[PlyCount "53"]
[EventDate "2015.??.??"]
[WhiteTeam "TSV Kareth-Lappersdorf"]
[BlackTeam "DJK-Regensburg Nord"]

1. e4 d6 2. d4 Nf6 3. Nc3 g6 4. f4 c6 5. Nf3 b5 6. a3 Bg7 7. h3 a5 8. Bd3 Qb6
9. Qe2 Nh5 10. Qf2 b4 11. axb4 Qxb4 12. O-O O-O 13. e5 Bh6 14. Qh4 dxe5 15. g4
Nxf4 16. Qxh6 f6 17. Ra4 Qb7 18. dxe5 Nxd3 19. cxd3 Qb6+ 20. Qe3 Qxe3+ 21. Bxe3
f5 22. Bc5 fxg4 23. hxg4 Rf7 24. Kg2 Be6 25. Nd2 Rxf1 26. Kxf1 Nd7 27. Bxe7 {
Insgesamt 54 Züge} 1-0

[Event "4. Wittelsbacher Weihnachts-Schach-Open"]
[Site "Kelheim"]
[Date "2015.12.26"]
[Round "4.53"]
[White "Mosler, Ernst"]
[Black "Müller, Dennis"]
[Result "0-1"]
[WhiteElo "1641"]
[BlackElo "1729"]
[PlyCount "50"]
[EventDate "2015.??.??"]
[WhiteTeam "SV Wettstetten"]
[BlackTeam "SC Kreut"]

1. e4 e5 2. Nf3 d6 3. Bc4 Be7 4. d3 Nf6 5. O-O Bg4 6. h3 Bh5 7. Be3 Nbd7 8.
Nbd2 h6 9. c3 g5 10. g4 Bg6 11. Nh2 Nb6 12. f3 c6 13. d4 Nfd7 14. Qb3 Nxc4 15.
Qxc4 h5 16. Kg2 hxg4 17. fxg4 Qc7 18. a4 O-O-O 19. b4 Nf6 20. dxe5 dxe5 21.
Rfd1 Rxd2+ 22. Bxd2 Bxe4+ 23. Kg3 Bd5 24. Qd3 Ne4+ 25. Kf3 Nc5+ 0-1

[Event "4. Wittelsbacher Weihnachts-Schach-Open"]
[Site "Kelheim"]
[Date "2015.12.26"]
[Round "4.54"]
[White "Swierzy, David"]
[Black "Schilay, Eva"]
[Result "1-0"]
[WhiteElo "1648"]
[BlackElo "1429"]
[PlyCount "89"]
[EventDate "2015.??.??"]
[WhiteTeam "SC Straubing"]
[BlackTeam "SK Neumarkt"]

1. f4 d5 2. Nf3 c6 3. e3 Bg4 4. h3 Bxf3 5. Qxf3 Nd7 6. d3 Ngf6 7. g4 e5 8. Nc3
Bd6 9. Bd2 Qc7 10. O-O-O O-O-O 11. g5 Ng8 12. h4 Ne7 13. Bh3 Kb8 14. f5 f6 15.
e4 d4 16. Ne2 Rdf8 17. Qg4 Nb6 18. Ng3 c5 19. b3 Rc8 20. Bf1 Nd7 21. h5 Rcg8
22. h6 g6 23. Bh3 gxf5 24. Nxf5 Nb6 25. Nxd6 Qxd6 26. Qh5 fxg5 27. Bxg5 Ng6 28.
Rdf1 Rf8 29. Bf5 Ne7 30. Qh4 Nxf5 31. exf5 Re8 32. f6 Rhf8 33. Qe4 Rf7 34. Rhg1
Nd7 35. Qh4 Ref8 36. Rf2 Nxf6 37. Rgf1 Qe6 38. Rxf6 Rxf6 39. Rxf6 Rxf6 40. Bxf6
Kc7 41. Bg7 Kd7 42. Qe4 b6 43. Qxh7 Qf7 44. Qe4 Qf1+ 45. Kb2 1-0

[Event "4. Wittelsbacher Weihnachts-Schach-Open"]
[Site "Kelheim"]
[Date "2015.12.26"]
[Round "4.55"]
[White "Dietl, Harald"]
[Black "Trefflich, Marcus"]
[Result "1-0"]
[WhiteElo "1802"]
[BlackElo "1371"]
[PlyCount "107"]
[EventDate "2015.??.??"]
[WhiteTeam "SK Abensberg"]
[BlackTeam "SC Treuchtlingen"]

1. e4 c6 2. d4 d5 3. exd5 cxd5 4. c4 Nf6 5. Nc3 Bg4 6. Qb3 Qd7 7. cxd5 a6 8. h3
Bf5 9. g4 Bg6 10. Bg2 e6 11. dxe6 Qxe6+ 12. Qxe6+ fxe6 13. Bxb7 Ra7 14. Bg2 Bb4
15. Bf4 Nbd7 16. O-O-O O-O 17. Be3 Bxc3 18. bxc3 Nd5 19. Bxd5 exd5 20. Kd2 Rb7
21. Ke2 Rb2+ 22. Rd2 Rfb8 23. Nf3 R2b6 24. Nh4 Be8 25. Nf5 Kf7 26. Bf4 Re6+ 27.
Kf3 Rc8 28. Nd6+ Rxd6 29. Bxd6 Rxc3+ 30. Kg2 Nf6 31. Bb4 Rc6 32. Re1 Kg8 33. g5
Ne4 34. Rde2 Bh5 35. Rb2 Rc8 36. h4 Rc4 37. f3 Nc3 38. Bxc3 Rxc3 39. Rf1 Rd3
40. Rb4 Ra3 41. Rf2 a5 42. Rb5 h6 43. Rxd5 Bf7 44. Rd8+ Kh7 45. gxh6 Kxh6 46.
Rd2 Bxa2 47. d5 Bc4 48. d6 Bb5 49. d7 Bxd7 50. R8xd7 a4 51. Ra7 g6 52. Rd8 g5
53. hxg5+ Kxg5 54. Rd5+ 1-0

[Event "4. Wittelsbacher Weihnachts-Schach-Open"]
[Site "Kelheim"]
[Date "2015.12.26"]
[Round "4.56"]
[White "Adlhoch, Walter"]
[Black "Meyer, Nico"]
[Result "1/2-1/2"]
[WhiteElo "1537"]
[BlackElo "1537"]
[PlyCount "52"]
[EventDate "2015.??.??"]
[WhiteTeam "SK Schwandorf"]
[BlackTeam "SC Bechhofen"]

1. c4 e5 2. g3 Nf6 3. Bg2 c6 4. d4 Bb4+ 5. Bd2 Bxd2+ 6. Qxd2 exd4 7. Qxd4 O-O
8. Nc3 Na6 9. a3 Nc7 10. Nf3 d5 11. cxd5 Ncxd5 12. Rd1 Be6 13. O-O Nxc3 14.
Qxc3 Qb6 15. b4 Nd5 16. Qd3 Qd8 17. Rd2 Nf6 18. Qc2 Qb6 19. Ng5 Rfe8 20. Nxe6
Rxe6 21. Bf3 Rae8 22. Kg2 Ne4 23. Bxe4 Rxe4 24. Rfd1 R4e7 25. e3 g6 26. Qc3 Qc7
1/2-1/2

[Event "4. Wittelsbacher Weihnachts-Schach-Open"]
[Site "Kelheim"]
[Date "2015.12.26"]
[Round "4.57"]
[White "Meier, Jannik"]
[Black "Löchel, Günter"]
[Result "0-1"]
[WhiteElo "1353"]
[BlackElo "1617"]
[PlyCount "68"]
[EventDate "2015.??.??"]
[WhiteTeam "TV Tegernsee"]
[BlackTeam "SC Kreut"]

1. e4 e5 2. Nf3 Nc6 3. Bc4 Be7 4. d3 Nf6 5. Nc3 O-O 6. O-O d6 7. h3 Na5 8. Bd5
c6 9. Bb3 Nxb3 10. axb3 Be6 11. Ng5 Bd7 12. f4 exf4 13. Bxf4 h6 14. Nf3 Be6 15.
Nd4 Qd7 16. Nf5 Bxf5 17. exf5 d5 18. Qd2 Nh7 19. Ne2 Bg5 20. Bxg5 hxg5 21. Ng3
Qd6 22. Rf3 Rae8 23. Rxa7 Re7 24. Ra1 Rfe8 25. d4 Nf6 26. Qxg5 Ne4 27. Nxe4
Rxe4 28. Qd2 Re2 29. Qc3 Qf6 30. Rd1 Qg5 31. g4 R8e3 32. Rxe3 Rxe3 33. Qd2 Qf4
34. Qf2 Rg3+ 0-1

[Event "4. Wittelsbacher Weihnachts-Schach-Open"]
[Site "Kelheim"]
[Date "2015.12.26"]
[Round "4.58"]
[White "Baedorf, Robert"]
[Black "Weindl, Robert"]
[Result "1/2-1/2"]
[WhiteElo "1697"]
[BlackElo "1269"]
[PlyCount "52"]
[EventDate "2015.??.??"]
[WhiteTeam "SF Illingen"]
[BlackTeam "SK Landshut"]

1. e4 e5 2. Nf3 Nc6 3. Nc3 Bc5 4. Bb5 Nd4 5. Bc4 d6 6. Nxd4 Bxd4 7. O-O c6 8.
d3 h6 9. Be3 b5 10. Bb3 Bb6 11. h3 Ne7 12. Ne2 f5 13. Kh2 f4 14. Bxb6 axb6 15.
f3 Ng6 16. c4 b4 17. d4 Qe7 18. dxe5 dxe5 19. Qc2 c5 20. Ba4+ Kf7 21. Bc6 Bb7
22. Bb5 Rhd8 23. Rfd1 Nh4 24. Rxd8 Rxd8 25. Rd1 Qg5 26. Rg1 Qe7 1/2-1/2

[Event "4. Wittelsbacher Weihnachts-Schach-Open"]
[Site "Kelheim"]
[Date "2015.12.26"]
[Round "4.59"]
[White "Hirn, Thomas"]
[Black "Voigt, Tobias"]
[Result "1/2-1/2"]
[WhiteElo "1771"]
[BlackElo "1594"]
[PlyCount "35"]
[EventDate "2015.??.??"]
[WhiteTeam "TuS Fürstenfeldbruck"]
[BlackTeam "SK München Südost"]

1. e4 e6 2. Nc3 d5 3. d4 Bb4 4. Bd3 c5 5. Bb5+ Nc6 6. exd5 Qxd5 7. Nf3 cxd4 8.
Bxc6+ Qxc6 9. Qxd4 Bxc3+ 10. bxc3 f6 11. O-O Ne7 12. Rd1 Qd5 13. Ba3 Qxd4 14.
Rxd4 e5 15. Rd2 Bg4 16. Rad1 Nc6 17. h3 Be6 18. Rb1 1/2-1/2

[Event "4. Wittelsbacher Weihnachts-Schach-Open"]
[Site "Kelheim"]
[Date "2015.12.26"]
[Round "4.60"]
[White "Huchler, Stefan"]
[Black "Ponomarev, Maximilian"]
[Result "1/2-1/2"]
[WhiteElo "1595"]
[BlackElo "1253"]
[PlyCount "46"]
[EventDate "2015.??.??"]
[WhiteTeam "Hohenems"]
[BlackTeam "SC Tarrasch München"]

1. e4 d5 2. exd5 Qxd5 3. Nf3 Bg4 4. Be2 Nc6 5. Nc3 Qd6 6. Nb5 Qd7 7. d3 a6 8.
Nc3 O-O-O 9. Ng5 Bxe2 10. Qxe2 Qf5 11. O-O h6 12. Nf3 e6 13. a3 g5 14. b4 Nd4
15. Nxd4 Rxd4 16. Ne4 Rd8 17. Bb2 Rh7 18. Qe3 Kb8 19. Ng3 Qg6 20. Rfd1 f5 21.
Qd2 h5 22. c4 f4 23. Ne4 Rhd7 1/2-1/2

[Event "4. Wittelsbacher Weihnachts-Schach-Open"]
[Site "Kelheim"]
[Date "2015.12.26"]
[Round "4.62"]
[White "Erdösi, Anna"]
[Black "Lohr, Maximilian"]
[Result "0-1"]
[WhiteElo "1184"]
[BlackElo "1383"]
[PlyCount "52"]
[EventDate "2015.??.??"]
[WhiteTeam "TV Tegernsee"]
[BlackTeam "TSV Mainburg"]

1. e4 d5 2. exd5 Qxd5 3. Nc3 Qa5 4. d4 c6 5. Nf3 Nf6 6. Bc4 Bf5 7. O-O Qc7 8.
Bg5 Nbd7 9. d5 cxd5 10. Bxd5 e6 11. Re1 a6 12. Bb3 Bd6 13. Qd2 h6 14. Bh4 g5
15. Bg3 Bxg3 16. fxg3 O-O-O 17. Qe2 g4 18. Ne5 Rdf8 19. Nxd7 Nxd7 20. Ne4 h5
21. Qd3 h4 22. Nd6+ Kb8 23. Nxf5 exf5 24. Qxf5 hxg3 25. Qxg4 Qc5+ 26. Kh1 Rxh2#
0-1

[Event "4. Wittelsbacher Weihnachts-Schach-Open"]
[Site "Kelheim"]
[Date "2015.12.26"]
[Round "4.63"]
[White "Butenandt, Svenja"]
[Black "Gehrke, Jakob"]
[Result "0-1"]
[WhiteElo "1419"]
[BlackElo "1294"]
[PlyCount "42"]
[EventDate "2015.??.??"]
[WhiteTeam "TV Tegernsee"]
[BlackTeam "TV Tegernsee"]

1. e4 e5 2. Nf3 Nc6 3. d4 exd4 4. Nxd4 Nxd4 5. Qxd4 Nf6 6. Nc3 Be7 7. Be3 d6 8.
Bc4 Be6 9. Bb3 c6 10. O-O-O O-O 11. h3 b5 12. g4 a5 13. g5 Ne8 14. f4 c5 15.
Qd2 c4 16. Nxb5 cxb3 17. axb3 a4 18. bxa4 Rxa4 19. Na3 d5 20. exd5 Rxa3 21. Qd4
Ra1+ 0-1

[Event "Kelheim"]
[Site "Kelheim"]
[Date "2015.12.29"]
[Round "5.1"]
[White "Belezky, Alexander"]
[Black "Promyshlyanskyy, Vitaliy"]
[Result "0-1"]
[WhiteElo "2463"]
[BlackElo "2244"]
[Annotator "Doe,John"]
[PlyCount "75"]
[EventDate "2015.??.??"]
[WhiteTeam "FC Bayern München"]
[BlackTeam "SC Noris-Tarrasch Nürnberg"]

1. Nf3 Nf6 2. g3 b5 3. Bg2 Bb7 4. d4 d6 5. O-O e6 6. Qd3 a6 7. Nbd2 Be7 8. a4
Qd7 9. c3 O-O 10. e4 c5 11. e5 c4 12. Qc2 Nd5 13. exd6 Bxd6 14. Ng5 f5 15. Re1
Rf6 16. b3 cxb3 17. Qxb3 bxa4 18. Rxa4 Bc6 19. Ra1 Bc7 20. Nc4 a5 21. Nf3 a4
22. Qa3 Bb7 23. Rb1 Qc8 24. Bg5 Rf8 25. Be7 Nxe7 26. Qxe7 Bd5 27. Nfd2 Bd8 28.
Qa3 f4 29. Nd6 Qd7 30. Bxd5 exd5 31. Rb7 Qc6 32. Reb1 Bc7 33. Rxc7 Qxc7 34. Rb7
Qc6 35. g4 Ra6 36. Nf3 Qxd6 37. Qa2 Qc6 38. Rb1 {(Zeit)} 0-1

[Event "4. Wittelsbacher Weihnachts-Schach-Open"]
[Site "Kelheim"]
[Date "2015.12.29"]
[Round "5.2"]
[White "Gießmann, Stephan"]
[Black "Goderbauer, Benedikt"]
[Result "1-0"]
[WhiteElo "2259"]
[BlackElo "1971"]
[PlyCount "93"]
[EventDate "2015.??.??"]
[WhiteTeam "SK Kelheim"]
[BlackTeam "SC Moosburg"]

1. d4 Nf6 2. Nf3 g6 3. Bg5 Bg7 4. Nbd2 d6 5. e3 O-O 6. Bc4 c5 7. c3 Nc6 8. O-O
a6 9. a4 Rb8 10. Qe2 d5 11. Bd3 c4 12. Bc2 Nh5 13. e4 f6 14. exd5 Qxd5 15. Be3
b5 16. axb5 axb5 17. Be4 Qd6 18. Nxc4 Nxd4 19. Nxd4 bxc4 20. Qxc4+ Kh8 21. Nb5
Qe5 22. Ra5 Be6 23. Qd3 Rfd8 24. Bd4 Qg5 25. Rfa1 Nf4 26. Qf1 f5 27. Bxg7+ Kxg7
28. Bf3 Rd2 29. g3 Nh3+ 30. Qxh3 Rxb2 31. Qf1 Qd2 32. Qe1 Qxe1+ 33. Rxe1 Bc4
34. Na3 Bd3 35. Rxe7+ Kf6 36. Re1 Ra2 37. Rd5 Be4 38. Bxe4 fxe4 39. Nc4 Rb3 40.
Rxe4 Rxc3 41. Ne3 Rc6 42. Rd7 h5 43. h4 Ra1+ 44. Kg2 g5 45. hxg5+ Kxg5 46. Rd5+
Kg6 47. Rh4 1-0

[Event "4. Wittelsbacher Weihnachts-Schach-Open"]
[Site "Kelheim"]
[Date "2015.12.29"]
[Round "5.3"]
[White "Glawe, Ralf"]
[Black "Blodig, Constantin"]
[Result "1/2-1/2"]
[WhiteElo "1997"]
[BlackElo "2037"]
[PlyCount "34"]
[EventDate "2015.??.??"]
[WhiteTeam "MTV Ingolstadt"]
[BlackTeam "SK Kelheim"]

1. e4 e5 2. Nf3 Nc6 3. Bc4 Nf6 4. d3 Be7 5. c3 O-O 6. Bb3 d5 7. Nbd2 Kh8 8. O-O
dxe4 9. dxe4 Bc5 10. h3 Qe7 11. Re1 Nh5 12. Nc4 Rd8 13. Qe2 Nf4 14. Bxf4 exf4
15. Rad1 Be6 16. e5 g5 17. Qe4 Rg8 1/2-1/2

[Event "4. Wittelsbacher Weihnachts-Schach-Open"]
[Site "Kelheim"]
[Date "2015.12.29"]
[Round "5.4"]
[White "Kreuzer, Helmut"]
[Black "Seitner, Ralf"]
[Result "1/2-1/2"]
[WhiteElo "2121"]
[BlackElo "2057"]
[PlyCount "20"]
[EventDate "2015.??.??"]
[WhiteTeam "SK Kelheim"]
[BlackTeam "SK Ingolstadt"]

1. d4 Nf6 2. c4 g6 3. Nc3 Bg7 4. e4 d6 5. f3 O-O 6. Be3 c5 7. Nge2 Qa5 8. Qd2
Nc6 9. d5 Ne5 10. Nc1 a6 1/2-1/2

[Event "4. Wittelsbacher Weihnachts-Schach-Open"]
[Site "Kelheim"]
[Date "2015.12.29"]
[Round "5.5"]
[White "Maurer, Heinrich"]
[Black "Hacker, Jonas"]
[Result "0-1"]
[WhiteElo "2099"]
[BlackElo "2357"]
[PlyCount "76"]
[EventDate "2015.??.??"]
[WhiteTeam "SK Kelheim"]
[BlackTeam "SC Eppingen"]

1. e4 c5 2. Nf3 d6 3. d4 cxd4 4. Qxd4 a6 5. c4 Bg4 6. Be2 Nc6 7. Qd1 Nf6 8. Nc3
g6 9. Be3 Bg7 10. Qd2 O-O 11. O-O Rc8 12. b3 Nd7 13. Bh6 Bxh6 14. Qxh6 Bxf3 15.
Bxf3 b5 16. cxb5 Nd4 17. Qd2 Nxf3+ 18. gxf3 Qa5 19. Rac1 axb5 20. Rfd1 Nf6 21.
Ne2 Rxc1 22. Nxc1 Qa6 23. Nd3 Ra8 24. Nb4 Qc8 25. Rc1 Qh3 26. Qf4 Kg7 27. Rc7
e5 28. Qg3 Qe6 29. Rc2 h6 30. Qg2 d5 31. Nd3 Rd8 32. Nc5 Qe7 33. h3 Nh5 34. Kh2
Nf4 35. Qg3 b4 36. exd5 Rxd5 37. Ne4 Rd4 38. Rc5 Rxe4 0-1

[Event "4. Wittelsbacher Weihnachts-Schach-Open"]
[Site "Kelheim"]
[Date "2015.12.29"]
[Round "5.6"]
[White "Kreuzer, Martin"]
[Black "Goderbauer, Josef"]
[Result "1-0"]
[WhiteElo "2334"]
[BlackElo "1857"]
[PlyCount "89"]
[EventDate "2015.??.??"]
[WhiteTeam "SK Kelheim"]
[BlackTeam "SC Moosburg"]

1. e4 g6 2. d4 Bg7 3. c3 c6 4. Nf3 d5 5. e5 Bg4 6. Nbd2 e6 7. h3 Bxf3 8. Nxf3
Ne7 9. Be2 Nd7 10. b4 b5 11. a4 a6 12. a5 h6 13. O-O Nf5 14. Bd3 Nf8 15. g3 Qc7
16. Kg2 O-O-O 17. Bd2 Re8 18. Qc2 Kb7 19. Rae1 Qe7 20. g4 Nh4+ 21. Nxh4 Qxh4
22. Bf4 h5 23. Bg3 Qe7 24. f4 h4 25. Bh2 Bh6 26. Kh1 g5 27. fxg5 Bxg5 28. Rf3
Ng6 29. Ref1 Ref8 30. Qf2 Rhg8 31. Bxg6 Rxg6 32. Rxf7 Qxf7 33. Qxf7+ Rxf7 34.
Rxf7+ Kc8 35. Bf4 Bd8 36. Kg2 Kb8 37. Bd2 Rg8 38. Kf3 Kc8 39. Rh7 Kb8 40. Ke2
Rf8 41. Rh6 Re8 42. Be1 Bg5 43. Rh5 Bc1 44. Bxh4 Rf8 45. Bf6 1-0

[Event "4. Wittelsbacher Weihnachts-Schach-Open"]
[Site "Kelheim"]
[Date "2015.12.29"]
[Round "5.7"]
[White "Nies, Peter"]
[Black "Eibl, Maximilian"]
[Result "0-1"]
[WhiteElo "2020"]
[BlackElo "2170"]
[PlyCount "84"]
[EventDate "2015.??.??"]
[WhiteTeam "SK Gernsheim"]
[BlackTeam "SK Kelheim"]

1. e4 g6 2. Nc3 Bg7 3. Bc4 d6 4. f4 a6 5. a4 c5 6. Nf3 e6 7. O-O Ne7 8. Qe1
Nbc6 9. f5 exf5 10. d3 Ne5 11. Ba2 Be6 12. exf5 Nxf5 13. Bxe6 fxe6 14. Ng5 Qe7
15. Bf4 O-O 16. h3 h6 17. Nge4 g5 18. Bh2 Nd4 19. Qd2 Rxf1+ 20. Rxf1 Rf8 21.
Rxf8+ Qxf8 22. Qd1 d5 23. Nf2 Qf7 24. a5 Ng6 25. Na4 Nc6 26. c3 Bf8 27. Ng4
Nxa5 28. Qe2 Nc6 29. Kh1 h5 30. Nf2 Nf4 31. Qe3 d4 32. cxd4 cxd4 33. Qg3 Qf5
34. Ne4 h4 35. Qf3 Ne5 36. Qf2 Nexd3 37. Qc2 Qxe4 38. Bxf4 gxf4 39. Kh2 Qe3 40.
Qd1 Qg3+ 41. Kg1 b5 42. Nb6 Qe3+ 0-1